Engaging India diplomacy: democracy and the bomb / (Record no. 328948)

000 -LEADER
fixed length control field nam a22 7a 4500
003 - CONTROL NUMBER IDENTIFIER
control field Nust
005 - DATE AND TIME OF LATEST TRANSACTION
control field 20170419165926.0
008 - FIXED-LENGTH DATA ELEMENTS--GENERAL INFORMATION
fixed length control field 170419b xxu||||| |||| 00| 0 eng d
040 ## - CATALOGING SOURCE
Transcribing agency DLC
082 ## - DEWEY DECIMAL CLASSIFICATION NUMBER
Classification number 327.73054
Author Mark TAL
245 ## - TITLE STATEMENT
Title Engaging India diplomacy: democracy and the bomb /
Statement of responsibility, etc. Strobe Talbott
260 ## - PUBLICATION, DISTRIBUTION, ETC.
Place of publication, distribution, etc. New Delhi :
Name of publisher, distributor, etc. Penguin group
Date of publication, distribution, etc. 2004
300 ## - PHYSICAL DESCRIPTION
Extent 267p. :
Other physical details ill. ;
Dimensions 25cm
942 ## - ADDED ENTRY ELEMENTS (KOHA)
Source of classification or shelving scheme
Koha item type Book
Holdings
Withdrawn status Lost status Source of classification or shelving scheme Damaged status Not for loan Permanent Location Current Location Date acquired Total Checkouts Full call number Barcode Date last seen Price effective from Koha item type
          School of Civil and Environmental Engineering (SCEE) School of Civil and Environmental Engineering (SCEE) 04/19/2017   327.73054 TAL NIT-9092 04/19/2017 04/19/2017 Book
© 2023 Central Library, National University of Sciences and Technology. All Rights Reserved.